00406nam a2200145Ia 45000010005000000080041000050200018000460820022000641000019000862450069001052600036001745900007002109010028002179990015002454048241024s9999 xx 000 0 und d a99934-48-15-x aRD/920/G934a/2004 aMyrna Guerrero 0aAquiles Azar. Pasíon y fidelidad a la expresión en el dibujo bEditorial Amigo del Hogarc2004 asi a16/2/2016 10:29:00 a.m. c7669d7669